Online
Catalog

Psicología social y educación / (Record no. 24558)

MARC details
000 -CABECERA
campo de control de longitud fija 01151nam a2200313 a 4500
001 - NÚMERO DE CONTROL
campo de control 000025065
005 - FECHA Y HORA DE LA ÚLTIMA TRANSACCIÓN
campo de control 20250611114542.0
008 - DATOS DE LONGITUD FIJA--INFORMACIÓN GENERAL
campo de control de longitud fija 110201s1971 ag r 000 | spa d
040 ## - FUENTE DE LA CATALOGACIÓN
Centro catalogador/agencia de origen DO-SdBNP
Lengua de catalogación spa
Centro/agencia transcriptor BNPHU
041 17 - CÓDIGO DE LENGUA
Código de lengua del texto/banda sonora o título independiente eng
Código de lengua original spa
Fuente del código Código de idioma MARC
082 ## - NÚMERO DE LA CLASIFICACIÓN DECIMAL DEWEY
Número de clasificación 370.15
Número de documento/Ítem B126p
049 ## - FONDOS LOCALES (OCLC)
Fondos de biblioteca BNGR
100 1# - ENTRADA PRINCIPAL--NOMBRE DE PERSONA
Nombre de persona Backman, Carl W.
9 (RLIN) 51436
240 10 - TÍTULO UNIFORME
Título uniforme A social psychological view of education.
Lenguaje de la obra Español
245 10 - MENCIÓN DE TÍTULO
Título Psicología social y educación /
Mención de responsabilidad, etc. Carl W. Backman y Paul F. Secord ;Versión castellana de Inés Pardal.
260 ## - PUBLICACIÓN, DISTRIBUCIÓN, ETC.
Lugar de publicación, distribución, etc. Buenos Aires, (Argentina) :
Nombre del editor, distribuidor, etc. Editorial Paidós,
Fecha de publicación, distribución, etc. 1971.
300 ## - DESCRIPCIÓN FÍSICA
Extensión 237 p. ;
Dimensiones 19 cm.
490 1# - MENCIÓN DE SERIE
Mención de serie Biblioteca del Educador Contemporáneo
490 1# - MENCIÓN DE SERIE
Mención de serie Menor ;
Designación de volumen o secuencia 129
534 ## - NOTA SOBRE LA VERSIÓN ORIGINAL
Encabezamiento principal del original Título original :
Mención de título del original A social psychological view of education.
650 #0 - PUNTO DE ACCESO ADICIONAL DE MATERIA--TÉRMINO DE MATERIA
Término de materia o nombre geográfico como elemento de entrada Psicopedagogía
9 (RLIN) 1570
650 #4 - PUNTO DE ACCESO ADICIONAL DE MATERIA--TÉRMINO DE MATERIA
Término de materia o nombre geográfico como elemento de entrada Sociología de la educación
9 (RLIN) 7856
650 #4 - PUNTO DE ACCESO ADICIONAL DE MATERIA--TÉRMINO DE MATERIA
Término de materia o nombre geográfico como elemento de entrada Ambiente educativo
9 (RLIN) 29043
650 #0 - PUNTO DE ACCESO ADICIONAL DE MATERIA--TÉRMINO DE MATERIA
Término de materia o nombre geográfico como elemento de entrada Adaptación social (Psicología)
9 (RLIN) 47669
700 1# - PUNTO DE ACCESO ADICIONAL--NOMBRE DE PERSONA
Nombre de persona Pardal, Inés
9 (RLIN) 50103
700 1# - PUNTO DE ACCESO ADICIONAL--NOMBRE DE PERSONA
Nombre de persona Secord, Paul F.
9 (RLIN) 51437
830 #0 - PUNTO DE ACCESO ADICIONAL DE SERIE-TÍTULO UNIFORME
Título uniforme Biblioteca del Educador Contemporáneo
9 (RLIN) 51438
830 #0 - PUNTO DE ACCESO ADICIONAL DE SERIE-TÍTULO UNIFORME
Título uniforme Menor
Designación de volumen o secuencia 129
9 (RLIN) 51439
Holdings
Estado de retiro Estado de pérdida Restricciones de uso No para préstamo Código de colección Localización permanente Ubicación/localización actual Ubicación en estantería Fecha de adquisición Número de inventario Total de préstamos Signatura topográfica completa Código de barras Fecha visto por última vez Precio válido a partir de Tipo de ítem Koha
        Monografías: Libros y Folletos General General En catalogación 09.02.2011 LF1   370.15 B126p 25065-10 25.06.2020 25.06.2020 Préstamo en sala

Powered by Koha